Southville International School and Colleges
Your cart is empty.
  • Cart
  • Lists
    Public lists Eva Luna New books Lux_list list_1
    Your lists Log in to create your own lists
  • Log in to your account
  • Your cookies
  • Search history
Southville International School and Colleges
  • Advanced search
  • Recent comments
  • Most popular
  • Libraries

Log in to your account

Log in with GOOGLE


If you do not have an external account, but do have a local account, you can still log in:

  1. Home
  2. MARC view: Reese's pieces: count by fives /
Normal view MARC view ISBD view

Reese's pieces: count by fives / (Record no. 105144)

[ view plain ]
MARC details
000 -LEADER
fixed length control field 00545nam a2200181 a 4500
005 - DATE AND TIME OF LATEST TRANSACTION
control field 20140412111342.0
008 - FIXED-LENGTH DATA ELEMENTS--GENERAL INFORMATION
fixed length control field 040114s19uu xx 00 eng d
020 ## - INTERNATIONAL STANDARD BOOK NUMBER
International Standard Book Number 0-439-13520-6
050 ## - LIBRARY OF CONGRESS CALL NUMBER
Classification number TR(PS E
Item number Re25 2000
100 ## - MAIN ENTRY--PERSONAL NAME
Personal name Pallota, Jerry
245 ## - TITLE STATEMENT
Title Reese's pieces: count by fives /
Statement of responsibility, etc by Jerry Pallota ; illustrated by Rob Bolster.
260 ## - PUBLICATION, DISTRIBUTION, ETC. (IMPRINT)
Place of publication, distribution, etc New York :
Name of publisher, distributor, etc Scholastic Inc,
Date of publication, distribution, etc 2000.
300 ## - PHYSICAL DESCRIPTION
Extent [30] p. ; ill.
650 ## - SUBJECT ADDED ENTRY--TOPICAL TERM
Topical term or geographic name as entry element Counting--Juvenile literature
650 ## - SUBJECT ADDED ENTRY--TOPICAL TERM
Topical term or geographic name as entry element Skip counting
650 ## - SUBJECT ADDED ENTRY--TOPICAL TERM
Topical term or geographic name as entry element Children stories
Holdings
Withdrawn status Lost status Damaged status Use restrictions Home library Current library Shelving location Date acquired Source of acquisition Cost, normal purchase price Total Checkouts Full call number Barcode Date last seen Price effective from Koha item type
        Elizalde Library Elizalde Library Teachers Reference Section 01/14/2004   299.75   TR(PS E Re25 2000 E9484 04/12/2014 04/12/2014 Books

Reese's pieces: count by fives /

APA

Pallota J., . (2000). Reese's pieces: count by fives. New York: Scholastic Inc.

Chicago

Pallota Jerry, . 2000. Reese's pieces: count by fives. New York: Scholastic Inc.

Harvard

Pallota J., . (2000). Reese's pieces: count by fives. New York: Scholastic Inc.

MLA

Pallota Jerry, . Reese's pieces: count by fives. New York: Scholastic Inc. 2000.

  • Place hold
  • Print
  • Cite
  • Add to your cart (remove)
  • Save record
    BIBTEX Dublin Core MARCXML MARC (non-Unicode/MARC-8) MARC (Unicode/UTF-8) MARC (Unicode/UTF-8, Standard) MODS (XML) RIS
  • More searches
    Search for this title in:
    Other Libraries (WorldCat) Other Databases (Google Scholar) Online Stores (Bookfinder.com) Open Library (openlibrary.org)

Exporting to Dublin Core...

SOUTHVILLE LIBRARY

Southville International School and Colleges Library

1281 Tropical Ave. Cor. Luxembourg St., BF Homes International, Las Pinas City

Tel. No. 8256374 / 252358 Loc. 117/146

Powered by Koha